Normal findings in CT and MRI/ (Record no. 111005)
[ view plain ]
| 000 -LEADER | |
|---|---|
| fixed length control field | 00433cam a2200145 4500 |
| 008 - FIXED-LENGTH DATA ELEMENTS--GENERAL INFORMATION | |
| fixed length control field | 090521n 000 0 eng u |
| 020 ## - INTERNATIONAL STANDARD BOOK NUMBER | |
| International Standard Book Number | 0865778647 |
| 035 ## - SYSTEM CONTROL NUMBER | |
| System control number | (Sirsi) a165456 |
| 050 ## - LIBRARY OF CONGRESS CALL NUMBER | |
| Classification number | RC 78.7 MOE 1999 |
| 100 ## - MAIN ENTRY--PERSONAL NAME | |
| Personal name | Moeller, Torsten B. |
| 245 ## - TITLE STATEMENT | |
| Title | Normal findings in CT and MRI/ |
| Statement of responsibility, etc. | Torsten B.Moeller, Emil Reif |
| 260 ## - PUBLICATION, DISTRIBUTION, ETC. | |
| Place of publication, distribution, etc. | New York: |
| Name of publisher, distributor, etc. | library of congress, |
| Date of publication, distribution, etc. | 1999 |
| 300 ## - PHYSICAL DESCRIPTION | |
| Extent | vi, 250 p. : |
| Other physical details | ill. |
| 700 ## - ADDED ENTRY--PERSONAL NAME | |
| Personal name | Reif, Emil |
No items available.